| Поле | Инд. | ПП | Название | Значение |
|---|---|---|---|---|
| Тип записи | a | |||
| Библиографический уровень | m | |||
| 001 | Контрольный номер | a5f1cfbbc0434b61a5e132638d22a174 | ||
| 005 | Дата корректировки | 20211217113733.3 | ||
| 008 | Кодируемые данные | 141111|||||||||ru |||||||||||||||||rus|| | ||
| 041 | 0_ | a | Код языка текста | rus |
| 084 | a | Индекс другой классификации/Индекс ББК | 94+39.42-082.022 | |
| 090 | a | Полочн. индекс | 94 | |
| x | Авторский знак | К 31 | ||
| 100 | 1_ | a | Автор | Каян В. В. |
| 245 | 10 | a | Заглавие | Разработка безопасных способов маневрирования судна при выполнении буксирных операций |
| b | Продолж. заглавия | автореф. дис. ... канд. техн. наук : 05.22.19 | ||
| c | Ответственность | ФГБОУ ВПО "Мурман. гос. техн. ун-т" | ||
| 260 | a | Место издания | Мурманск | |
| c | Дата издания | 2014 | ||
| 300 | a | Объем | 22 с. | |
| b | Иллюстрации/ тип воспроизводства | ил. | ||
| 502 | a | Примечание о диссертации | Имеется электрон. аналог 2014 г. | |
| 504 | a | Библиография | Библиогр.: с. 21-22 | |
| 650 | 04 | a | Основная рубрика | Управление судами-Авторефераты диссертаций |
| 653 | 0_ | a | Ключевые слова | Авторефераты диссертаций |
| a | Ключевые слова | Безопасность мореплавания | ||
| a | Ключевые слова | Буксировка судна | ||
| a | Ключевые слова | Буксируемые системы | ||
| a | Ключевые слова | Гидродинамические усилия | ||
| a | Ключевые слова | Маневрирование судна | ||
| a | Ключевые слова | Управление судном | ||
| 901 | t | Тип документа | r |